[Event "Wch Juvenil 2013 sub-14"]
[Site "Al-Ain UAE"]
[Date "2013.12.22"]
[Round "5.11"]
[White "Tomczak, Mikolaj"]
[Black "Martinez Alcantara, Jose Eduar"]
[Result "1-0"]
[WhiteElo "2133"]
[BlackElo "2301"]
[PlyCount "61"]
[EventDate "2013.12.19"]
[EventType "swiss"]
[EventRounds "11"]
[EventCountry "UAE"]
[Source "lmi"]
[SourceDate "2013.12.19"]

1. e4 c5 2. Ne2 Nc6 3. c4 e5 4. g3 h5 5. h3 d6 6. d3 Be6 7. Nbc3 Qd7 8. a3 g6
9. Nd5 Bxd5 10. cxd5 Nd4 11. Bg2 h4 12. g4 f5 13. Nxd4 cxd4 14. exf5 gxf5 15.
gxf5 O-O-O 16. Be4 Bh6 17. O-O Kb8 18. Kh2 Bxc1 19. Rxc1 Nf6 20. Rg1 Nh5 21.
Qg4 Qb5 22. b4 a6 23. Qg5 Qd7 24. f6 Rdf8 25. Bf5 Qb5 26. Rc8+ Rxc8 27. Bxc8
Qxd5 28. Bg4 Nf4 29. Qg7 Qg8 30. Bf3 Qc8 31. Qxh8 1-0

[Event "Wch Juvenil 2013 sub-14"]
[Site "Al-Ain UAE"]
[Date "2013.12.22"]
[Round "5.12"]
[White "Shtembuliak, Evgeny"]
[Black "Turar, Dastan"]
[Result "1/2-1/2"]
[WhiteElo "2263"]
[BlackElo "1890"]
[PlyCount "88"]
[EventDate "2013.12.19"]
[EventType "swiss"]
[EventRounds "11"]
[EventCountry "UAE"]
[Source "lmi"]
[SourceDate "2013.12.19"]

1. c4 Nf6 2. Nf3 e6 3. g3 b6 4. Bg2 Bb7 5. O-O Be7 6. Nc3 O-O 7. d4 Ne4 8. Qc2
Nxc3 9. Qxc3 f5 10. b4 a5 11. b5 d6 12. Bb2 Bf6 13. Nd2 Bxg2 14. Kxg2 d5 15. c5
bxc5 16. Qxc5 Be7 17. Qc2 a4 18. Rab1 Qd7 19. Rfc1 Bd6 20. Qd3 c6 21. Ba3 Bxa3
22. Qxa3 cxb5 23. Qc5 Ra5 24. Qb6 Ra6 25. Qxb5 Qxb5 26. Rxb5 Rc6 27. Rbc5 Rfc8
28. Nf3 Rxc5 29. dxc5 Na6 30. c6 Nb4 31. Nd4 Nxa2 32. Ra1 Nb4 33. Rxa4 Nxc6 34.
Nxe6 Re8 35. Nf4 g5 36. Nxd5 Rxe2 37. Ra6 Ne7 38. Nf6+ Kg7 39. Nh5+ Kf7 40.
Rf6+ Kg8 41. Kf3 Re1 42. h3 Rh1 43. Kg2 Rc1 44. Rd6 Rc6 1/2-1/2

[Event "Wch Juvenil 2013 sub-14"]
[Site "Al-Ain UAE"]
[Date "2013.12.22"]
[Round "5.13"]
[White "Martirosyan, Haik M"]
[Black "Cori Quispe, Kevin"]
[Result "1-0"]
[WhiteElo "2131"]
[BlackElo "2259"]
[PlyCount "79"]
[EventDate "2013.12.19"]
[EventType "swiss"]
[EventRounds "11"]
[EventCountry "UAE"]
[Source "lmi"]
[SourceDate "2013.12.19"]

1. Nf3 c5 2. c4 Nc6 3. Nc3 g6 4. g3 Bg7 5. Bg2 d6 6. O-O e5 7. d3 Nge7 8. Ne1
Be6 9. Nd5 O-O 10. Nc2 Qd7 11. Re1 Rab8 12. a4 Bh3 13. Bh1 f5 14. e3 Kh8 15.
Bd2 Rbe8 16. Bc3 a5 17. Na3 Nb4 18. Nb5 Nexd5 19. cxd5 e4 20. dxe4 fxe4 21. Qb1
Nd3 22. Re2 Bf5 23. Rd2 Be5 24. Bxa5 c4 25. Qc2 Nxb2 26. Nd4 Nd3 27. Qxc4 Ra8
28. Bc3 Rfc8 29. Qb3 Nc5 30. Qd1 Nxa4 31. Bb4 b5 32. Rc1 Rc4 33. Rxc4 bxc4 34.
Ra2 Bg4 35. Qc2 Bxd4 36. exd4 Qb5 37. Bxd6 c3 38. Be5+ Kg8 39. Bxe4 Bd7 40.
Bxg6 1-0

[Event "Wch Juvenil 2013 sub-14"]
[Site "Al-Ain UAE"]
[Date "2013.12.22"]
[Round "5.14"]
[White "Panchanatham, Vignesh"]
[Black "Theodorou, Nikolas"]
[Result "0-1"]
[WhiteElo "2111"]
[BlackElo "2238"]
[PlyCount "96"]
[EventDate "2013.12.19"]
[EventType "swiss"]
[EventRounds "11"]
[EventCountry "UAE"]
[Source "lmi"]
[SourceDate "2013.12.19"]

1. d4 Nf6 2. c4 e6 3. Nf3 b6 4. g3 Ba6 5. Qa4 Bb7 6. Bg2 c5 7. dxc5 bxc5 8. O-O
Qb6 9. Nc3 Be7 10. Rd1 O-O 11. Bf4 Bc6 12. Qb3 Qb4 13. Ne5 Bxg2 14. Kxg2 a6 15.
Na4 Qxb3 16. axb3 d6 17. Nf3 Rd8 18. Rd2 Ne4 19. Rdd1 f5 20. Nc3 Nc6 21. Nxe4
fxe4 22. Ng5 e5 23. Be3 Bxg5 24. Bxg5 Rd7 25. Be3 Raa7 26. Ra4 a5 27. Ra3 Kf7
28. Rda1 Rab7 29. Kf1 Ke6 30. Rd1 a4 31. bxa4 Na5 32. Ra2 Nxc4 33. Rb1 d5 34.
a5 d4 35. a6 Rb8 36. Rc1 Rxb2 37. Raa1 Nb6 38. a7 dxe3 39. Ra6 Rd8 40. fxe3
Rf8+ 41. Kg1 Kd6 42. Rf1 Rc8 43. Rf7 Kc6 44. Rxg7 c4 45. Rxh7 c3 46. Ra3 Kb5
47. Rxc3 Rxc3 48. Rb7 Rxe2 0-1

[Event "Wch Juvenil 2013 sub-14"]
[Site "Al-Ain UAE"]
[Date "2013.12.22"]
[Round "5.15"]
[White "Shahaliyev, Ismayil Bahram"]
[Black "Dai, Changren"]
[Result "1/2-1/2"]
[WhiteElo "2091"]
[BlackElo "2216"]
[PlyCount "82"]
[EventDate "2013.12.19"]
[EventType "swiss"]
[EventRounds "11"]
[EventCountry "UAE"]
[Source "lmi"]
[SourceDate "2013.12.19"]

1. e4 c5 2. Nf3 d6 3. d4 cxd4 4. Nxd4 Nf6 5. Nc3 g6 6. Be3 Bg7 7. Bc4 O-O 8. f3
Nc6 9. Qd2 Bd7 10. h4 h5 11. O-O-O Rc8 12. Bb3 Na5 13. Bg5 Nxb3+ 14. Nxb3 Be6
15. Bh6 Bxb3 16. Bxg7 Kxg7 17. axb3 Qa5 18. Kb1 Rc6 19. Nd5 Qxd2 20. Rxd2 Ng8
21. Re1 Rfc8 22. Re3 Kf8 23. b4 a6 24. Rb3 b5 25. Re3 e6 26. Nf4 Nf6 27. c3 Nd7
28. Re1 Ne5 29. Ne2 Nc4 30. Rd3 e5 31. Ng3 Ke7 32. Nf1 Ke6 33. Ne3 Nxe3 34.
Rdxe3 f5 35. Kc2 Rf8 36. Kd3 Rg8 37. f4 exf4 38. Rf3 Rc4 39. Rxf4 fxe4+ 40.
Rexe4+ Rxe4 41. Rxe4+ Kf5 1/2-1/2

[Event "Wch Juvenil 2013 sub-14"]
[Site "Al-Ain UAE"]
[Date "2013.12.22"]
[Round "5.16"]
[White "Boldoo, Erdenepurev"]
[Black "Plenca, Jadranko"]
[Result "1-0"]
[WhiteElo "2072"]
[BlackElo "2168"]
[PlyCount "67"]
[EventDate "2013.12.19"]
[EventType "swiss"]
[EventRounds "11"]
[EventCountry "UAE"]
[Source "lmi"]
[SourceDate "2013.12.19"]

1. d4 d5 2. c4 c6 3. Nf3 Nf6 4. Nc3 a6 5. c5 Bf5 6. Bf4 Nbd7 7. h3 h6 8. e3 e6
9. Be2 Be7 10. O-O O-O 11. Nd2 Qc8 12. b4 Bd8 13. a4 Bc7 14. Bxc7 Qxc7 15. b5
axb5 16. axb5 e5 17. b6 Qb8 18. Rxa8 Qxa8 19. Qa1 Qb8 20. Qa7 Qc8 21. Nb3 exd4
22. exd4 Qb8 23. Ra1 Re8 24. Qxb8 Rxb8 25. Ra7 Nf8 26. Na5 Bc8 27. Ba6 Ne6 28.
Bxb7 Bxb7 29. Nxb7 Nxd4 30. Na5 Kf8 31. b7 Re8 32. Ra8 Nd7 33. Nxd5 Nb8 34. Nc7
1-0

[Event "Wch Juvenil 2013 sub-14"]
[Site "Al-Ain UAE"]
[Date "2013.12.22"]
[Round "5.17"]
[White "Thybo, Jesper Sondergaard"]
[Black "Yu, Wenlu"]
[Result "1-0"]
[WhiteElo "2147"]
[BlackElo "1862"]
[PlyCount "101"]
[EventDate "2013.12.19"]
[EventType "swiss"]
[EventRounds "11"]
[EventCountry "UAE"]
[Source "lmi"]
[SourceDate "2013.12.19"]

1. d4 Nf6 2. c4 g6 3. Nc3 d5 4. cxd5 Nxd5 5. e4 Nxc3 6. bxc3 Bg7 7. Nf3 c5 8.
Rb1 O-O 9. Be2 cxd4 10. cxd4 Qa5+ 11. Qd2 Qxd2+ 12. Bxd2 b6 13. Rc1 Bb7 14. Bd3
Nc6 15. d5 Ne5 16. Nxe5 Bxe5 17. Bb4 Rfc8 18. Ke2 Kf8 19. Ke3 Bb2 20. Rb1 Be5
21. f4 Bc3 22. Ba3 Ke8 23. g4 h6 24. h4 f6 25. Rhc1 Ba5 26. Bb2 Rxc1 27. Rxc1
Rc8 28. Rxc8+ Bxc8 29. e5 Kf7 30. e6+ Kg7 31. Ba3 Bb7 32. Kd4 Be1 33. Bb5 Bf2+
34. Ke4 Bxh4 35. Bc6 Ba6 36. f5 gxf5+ 37. gxf5 Bg3 38. d6 Bf1 39. Kf3 Bxd6 40.
Bxd6 Kf8 41. Bb8 a6 42. Bc7 b5 43. Ba5 Bc4 44. a3 h5 45. Be1 Bb3 46. Kf4 Bc4
47. Bb7 b4 48. axb4 Ke8 49. Bf3 Kd8 50. Bxh5 Kc7 51. Bf2 1-0

[Event "Wch Juvenil 2013 sub-14"]
[Site "Al-Ain UAE"]
[Date "2013.12.22"]
[Round "5.18"]
[White "Litvinov, Maxim"]
[Black "Graif, William"]
[Result "1-0"]
[WhiteElo "2144"]
[BlackElo "1851"]
[PlyCount "47"]
[EventDate "2013.12.19"]
[EventType "swiss"]
[EventRounds "11"]
[EventCountry "UAE"]
[Source "lmi"]
[SourceDate "2013.12.19"]

1. e4 c5 2. Nf3 d6 3. d4 cxd4 4. Nxd4 Nf6 5. Nc3 g6 6. g3 Nc6 7. Bg2 Bg4 8.
Nde2 Bg7 9. h3 Be6 10. O-O O-O 11. Nd5 Qc8 12. Kh2 Bxd5 13. exd5 Ne5 14. Be3
Nc4 15. Bd4 Qf5 16. b3 Ne5 17. f4 Ned7 18. g4 Nxg4+ 19. hxg4 Qxg4 20. Bh3 Qh5
21. Bxg7 Kxg7 22. Ng3 Qh4 23. Qd4+ Qf6 24. Qg1 1-0

[Event "Wch Juvenil 2013 sub-14"]
[Site "Al-Ain UAE"]
[Date "2013.12.22"]
[Round "5.19"]
[White "Asgharzadeh, M.Reza"]
[Black "Zisiadis, Dimitrios"]
[Result "1-0"]
[WhiteElo "2143"]
[BlackElo "1827"]
[PlyCount "85"]
[EventDate "2013.12.19"]
[EventType "swiss"]
[EventRounds "11"]
[EventCountry "UAE"]
[Source "lmi"]
[SourceDate "2013.12.19"]

1. d4 d5 2. c4 c6 3. Nc3 Nf6 4. e3 e6 5. Nf3 Nbd7 6. cxd5 exd5 7. Bd3 Bd6 8.
O-O O-O 9. Rb1 Re8 10. Qc2 Qe7 11. h3 Ne4 12. Bxe4 dxe4 13. Nd2 Nf6 14. f3 Bf5
15. Nc4 Bc7 16. f4 h5 17. b4 Nd5 18. b5 Nxc3 19. Qxc3 Qh4 20. bxc6 bxc6 21. Rb7
Rac8 22. Kh2 Re6 23. Qe1 Qd8 24. Qe2 h4 25. Bd2 Qd5 26. Rxa7 g5 27. Ba5 Qd8 28.
Rxc7 Rxc7 29. fxg5 Bg6 30. Ne5 Qb8 31. Bxc7 Qxc7 32. Qg4 c5 33. Rc1 Rxe5 34.
dxe5 Qxe5+ 35. Qf4 Qd5 36. Qxh4 c4 37. Rb1 Kf8 38. Qh8+ Ke7 39. Qf6+ Kd7 40.
Rb6 Kc7 41. Rb4 Qc5 42. Qc3 Qd6+ 43. g3 1-0

[Event "Wch Juvenil 2013 sub-14"]
[Site "Al-Ain UAE"]
[Date "2013.12.22"]
[Round "5.20"]
[White "Abbas, Daniel"]
[Black "Santos Ruiz, Miguel"]
[Result "1/2-1/2"]
[BlackElo "2307"]
[PlyCount "89"]
[EventDate "2013.12.19"]
[EventType "swiss"]
[EventRounds "11"]
[EventCountry "UAE"]
[Source "lmi"]
[SourceDate "2013.12.19"]
[WhiteElo "1974"]

1. e4 e6 2. d4 d5 3. Nd2 Nc6 4. c3 e5 5. exd5 Qxd5 6. Ngf3 exd4 7. Bc4 Qh5 8.
cxd4 Be6 9. Bxe6 fxe6 10. Qb3 O-O-O 11. O-O Nf6 12. Qxe6+ Kb8 13. Ne4 Nxe4 14.
Qxe4 Re8 15. Qh4 Qxh4 16. Nxh4 Nxd4 17. Bg5 Bc5 18. Rfe1 Nc2 19. Rxe8+ Rxe8 20.
Rf1 Nb4 21. a3 Nd3 22. b4 Bb6 23. Be3 Bxe3 24. fxe3 c5 25. bxc5 Nxc5 26. Kf2
Rf8+ 27. Nf3 Kc7 28. Ke2 Rf6 29. Rc1 b6 30. Ng5 Rg6 31. h4 Kc6 32. Kf3 Rf6+ 33.
Ke2 Kb5 34. Nxh7 Rh6 35. Ng5 Rxh4 36. Nf3 Rh6 37. Nd4+ Ka4 38. Rc3 Rg6 39. Kf3
Rf6+ 40. Ke2 Rg6 41. Kf1 a6 42. Ne2 Rd6 43. Nd4 Ne4 44. Rd3 Rf6+ 45. Ke1
1/2-1/2

[Event "Wch Juvenil 2013 sub-14"]
[Site "Al-Ain UAE"]
[Date "2013.12.22"]
[Round "5.21"]
[White "Tokranovs, Dmitrijs"]
[Black "Agmanov, Zhandos"]
[Result "1-0"]
[WhiteElo "2273"]
[BlackElo "1972"]
[PlyCount "83"]
[EventDate "2013.12.19"]
[EventType "swiss"]
[EventRounds "11"]
[EventCountry "UAE"]
[Source "lmi"]
[SourceDate "2013.12.19"]

1. e4 c5 2. c3 d5 3. exd5 Qxd5 4. d4 Nc6 5. Nf3 cxd4 6. cxd4 e5 7. Nc3 Bb4 8.
Bd2 Bxc3 9. Bxc3 e4 10. Ne5 Nxe5 11. dxe5 Ne7 12. Qe2 O-O 13. Rd1 Qxa2 14. Bb4
Qe6 15. Qxe4 Re8 16. Bb5 Nc6 17. O-O Bd7 18. Rfe1 Qg4 19. Bxc6 bxc6 20. f4 Rec8
21. Rc1 Qf5 22. Qd4 Be6 23. Re3 Bd5 24. Bc3 Be6 25. Rg3 Rd8 26. Qf2 h6 27. Bd4
Rd7 28. Bc5 Rb7 29. h3 a5 30. Bd4 Rc8 31. Re3 h5 32. Bc3 Rb5 33. Rg3 g6 34. Re1
a4 35. Rg5 Qd3 36. f5 Bxf5 37. e6 Rb7 38. Rg3 Qb5 39. Re5 Qb6 40. Qxb6 Rxb6 41.
Rxf5 fxe6 42. Rxg6+ 1-0

[Event "Wch Juvenil 2013 sub-14"]
[Site "Al-Ain UAE"]
[Date "2013.12.22"]
[Round "5.22"]
[White "Shi, Diwen"]
[Black "Lorparizangeneh, Shahin"]
[Result "0-1"]
[WhiteElo "1924"]
[BlackElo "2270"]
[PlyCount "114"]
[EventDate "2013.12.19"]
[EventType "swiss"]
[EventRounds "11"]
[EventCountry "UAE"]
[Source "lmi"]
[SourceDate "2013.12.19"]

1. e4 c6 2. d4 d5 3. e5 Bf5 4. Ne2 e6 5. Ng3 Bg6 6. h4 h5 7. Be2 c5 8. dxc5
Bxc5 9. Nd2 Nc6 10. Nb3 Bf8 11. Bxh5 Bxh5 12. Nxh5 g6 13. Ng3 Rxh4 14. Rxh4
Qxh4 15. Qe2 Bg7 16. Bd2 Bxe5 17. Qb5 Qc4 18. Qxc4 dxc4 19. Nc5 O-O-O 20. O-O-O
Bd4 21. Nce4 f5 22. Ng5 Bxf2 23. Nh1 Bh4 24. Nxe6 Rd6 25. Nf4 Bg5 26. Nh3 Bxd2+
27. Rxd2 Kd7 28. Ng3 Nge7 29. Ne2 Rxd2 30. Kxd2 Kd6 31. b3 cxb3 32. axb3 b5 33.
Ke3 Nd5+ 34. Kd2 Ke5 35. g3 Nd4 36. Nc1 Nf3+ 37. Ke2 Nd4+ 38. Kd2 Ne6 39. Nd3+
Ke4 40. c4 bxc4 41. bxc4 Ndc7 42. Ng1 g5 43. Ne2 Na6 44. Ne1 Nac7 45. Nc2 Kf3
46. Ne1+ Ke4 47. Nd3 a5 48. Ne1 Ne8 49. Nd3 Nd6 50. Kc3 Ke3 51. Nec1 Ne4+ 52.
Kb3 N6c5+ 53. Nxc5 Nxc5+ 54. Ka3 f4 55. Nb3 Nxb3 56. Kxb3 fxg3 57. c5 g2 0-1

[Event "Wch Juvenil 2013 sub-14"]
[Site "Al-Ain UAE"]
[Date "2013.12.22"]
[Round "5.23"]
[White "Pranav, Vijay"]
[Black "Zayan, Mohamed"]
[Result "1-0"]
[WhiteElo "2224"]
[BlackElo "1939"]
[PlyCount "77"]
[EventDate "2013.12.19"]
[EventType "swiss"]
[EventRounds "11"]
[EventCountry "UAE"]
[Source "lmi"]
[SourceDate "2013.12.19"]

1. d4 Nf6 2. c4 g6 3. Nc3 d5 4. Nf3 Bg7 5. g3 O-O 6. Bg2 c5 7. dxc5 Qa5 8. Qa4
Qxc5 9. Be3 Qxc4 10. Qxc4 dxc4 11. Ne5 Na6 12. Rc1 Rd8 13. O-O Nb4 14. Rfd1 Be6
15. Bxb7 Rab8 16. Rxd8+ Rxd8 17. Bc5 Nfd5 18. Nxd5 Bxd5 19. Bxb4 Bxb7 20. Nxc4
Rc8 21. b3 Bf6 22. f3 Bd4+ 23. Kg2 e5 24. Bc3 Bxc3 25. Rxc3 f6 26. Kf2 Kf8 27.
Rc2 Ba6 28. Ne3 Rd8 29. Ke1 Rd7 30. Rd2 Rf7 31. Rd6 Bb7 32. Rd8+ Ke7 33. Rb8
Kd6 34. Nc4+ Kc7 35. Rxb7+ Kxb7 36. Nd6+ Kc7 37. Nxf7 h5 38. Kd2 Kd7 39. Ke3
1-0

[Event "Wch Juvenil 2013 sub-14"]
[Site "Al-Ain UAE"]
[Date "2013.12.22"]
[Round "5.24"]
[White "Dolana, Andrei-Theodor"]
[Black "Le, Minh Hoang"]
[Result "1-0"]
[WhiteElo "2210"]
[BlackElo "1927"]
[PlyCount "53"]
[EventDate "2013.12.19"]
[EventType "swiss"]
[EventRounds "11"]
[EventCountry "UAE"]
[Source "lmi"]
[SourceDate "2013.12.19"]

1. e4 c5 2. c3 d5 3. exd5 Qxd5 4. d4 Nf6 5. Nf3 Bg4 6. dxc5 Qxd1+ 7. Kxd1 e5 8.
b4 e4 9. h3 Bh5 10. g4 Nxg4 11. hxg4 Bxg4 12. Nbd2 exf3 13. Bd3 Nc6 14. Nc4 Rd8
15. Kc2 Be6 16. Bf4 Bxc4 17. Bxc4 Be7 18. Bd3 Rxd3 19. Kxd3 g5 20. Bg3 f5 21.
b5 f4 22. bxc6 bxc6 23. Bh2 Bxc5 24. Ke4 Kf7 25. Kxf3 Kg6 26. Rag1 Kf5 27. Bxf4
1-0

[Event "Wch Juvenil 2013 sub-14"]
[Site "Al-Ain UAE"]
[Date "2013.12.22"]
[Round "5.25"]
[White "Gokerkan, Cem Kaan"]
[Black "Maghsoodloo, Parham"]
[Result "1/2-1/2"]
[WhiteElo "1960"]
[BlackElo "2199"]
[PlyCount "80"]
[EventDate "2013.12.19"]
[EventType "swiss"]
[EventRounds "11"]
[EventCountry "UAE"]
[Source "lmi"]
[SourceDate "2013.12.19"]

1. Nf3 Nf6 2. c4 d6 3. d4 g6 4. Nc3 Bg7 5. e4 O-O 6. Be2 c6 7. O-O Nbd7 8. b4
a5 9. b5 c5 10. Bb2 cxd4 11. Nxd4 Nc5 12. f3 Nfd7 13. Qd2 Nb6 14. Rac1 Bd7 15.
Rfd1 Rc8 16. Ba1 Be6 17. Nd5 Bxd5 18. cxd5 Nbd7 19. Rc2 Qb6 20. Rdc1 a4 21. Kh1
a3 22. h4 Ra8 23. h5 Nf6 24. h6 Bh8 25. Nf5 Rfe8 26. Qg5 Qd8 27. b6 Nfxe4 28.
fxe4 Bxa1 29. Rxa1 Nxe4 30. Qf4 gxf5 31. Rc4 e5 32. dxe6 Rxe6 33. Rf1 Qf8 34.
Kg1 Qxh6 35. Qxf5 Qe3+ 36. Kh2 Rf8 37. Bh5 Qg3+ 38. Kg1 Qe3+ 39. Kh2 Qg3+ 40.
Kg1 Qe3+ 1/2-1/2

[Event "Wch Juvenil 2013 sub-14"]
[Site "Al-Ain UAE"]
[Date "2013.12.22"]
[Round "5.26"]
[White "Mesaros, Florian"]
[Black "Virtanen, Teemu"]
[Result "0-1"]
[WhiteElo "2196"]
[BlackElo "1936"]
[PlyCount "70"]
[EventDate "2013.12.19"]
[EventType "swiss"]
[EventRounds "11"]
[EventCountry "UAE"]
[Source "lmi"]
[SourceDate "2013.12.19"]

1. Nf3 d6 2. d4 Nf6 3. c4 g6 4. Nc3 Bg7 5. e4 c5 6. Be2 O-O 7. O-O Na6 8. Be3
b6 9. Rb1 Nc7 10. b4 Ng4 11. Bc1 Ne6 12. Nd5 cxd4 13. Nxd4 Nxd4 14. Bxg4 e6 15.
Ne3 Bb7 16. Bb2 e5 17. Bxd4 exd4 18. Nd5 b5 19. cxb5 f5 20. Bf3 Bxd5 21. exd5
Rc8 22. Re1 Re8 23. Re6 Qd7 24. Qb3 Rc3 25. Qa4 Rec8 26. Rbe1 Be5 27. Bd1 g5
28. g3 g4 29. h3 gxh3 30. Kh2 f4 31. gxf4 Qf7 32. Kh1 Qxf4 33. R6xe5 dxe5 34.
Qxa7 Qxf2 35. Rg1+ Rg3 0-1

[Event "Wch Juvenil 2013 sub-14"]
[Site "Al-Ain UAE"]
[Date "2013.12.22"]
[Round "5.27"]
[White "Abbasov, Zaur Shahin"]
[Black "Baskin, Robert"]
[Result "0-1"]
[BlackElo "2190"]
[PlyCount "98"]
[EventDate "2013.12.19"]
[EventType "swiss"]
[EventRounds "11"]
[EventCountry "UAE"]
[Source "lmi"]
[SourceDate "2013.12.19"]
[WhiteElo "1882"]

1. d4 Nf6 2. c4 g6 3. Nc3 Bg7 4. e4 d6 5. f3 O-O 6. Be3 Nc6 7. Nge2 a6 8. Qd2
Rb8 9. Rc1 Bd7 10. Nd1 Re8 11. Nf2 b5 12. c5 dxc5 13. Rxc5 e5 14. d5 Ne7 15. g3
c6 16. dxc6 Nxc6 17. Bg2 Bf8 18. Rc1 Rc8 19. O-O Be6 20. Qxd8 Rexd8 21. Bh3
Bxh3 22. Nxh3 Nb4 23. Bg5 Be7 24. f4 exf4 25. Rxc8 Rxc8 26. Rxf4 Bc5+ 27. Kf1
Nd7 28. Rf3 Nxa2 29. Bf6 Nb4 30. Bc3 Nc6 31. Ng5 b4 32. Rxf7 bxc3 33. Rxd7 cxb2
34. Rd1 Be3 35. Nf3 Nb4 36. Rb1 Rc1+ 37. Nxc1 bxc1=Q+ 38. Rxc1 Bxc1 39. Ke2 Kf7
40. Kd1 Be3 41. Ke2 Bh6 42. g4 Bf4 43. h3 a5 44. Nd4 a4 45. Kf3 Be5 46. Nb5 Bb2
47. Nd6+ Ke6 48. Nc4 a3 49. Nxa3 Bxa3 0-1

[Event "Wch Juvenil 2013 sub-14"]
[Site "Al-Ain UAE"]
[Date "2013.12.22"]
[Round "5.28"]
[White "Kutsanyan, Andranik"]
[Black "Xu, Minghui"]
[Result "1/2-1/2"]
[WhiteElo "1907"]
[BlackElo "2121"]
[PlyCount "57"]
[EventDate "2013.12.19"]
[EventType "swiss"]
[EventRounds "11"]
[EventCountry "UAE"]
[Source "lmi"]
[SourceDate "2013.12.19"]

1. e4 c5 2. Nf3 d6 3. d4 cxd4 4. Nxd4 Nf6 5. Nc3 a6 6. Bc4 Nc6 7. Bb3 e6 8. Be3
Be7 9. O-O Qc7 10. f4 b5 11. f5 Nxd4 12. Qxd4 O-O 13. fxe6 Bxe6 14. Bd5 Bxd5
15. Nxd5 Nxd5 16. Qxd5 Bf6 17. Rxf6 gxf6 18. Rf1 Rae8 19. Bd4 Re6 20. Qf5 Rfe8
21. Qg4+ Kf8 22. Bxf6 Rxf6 23. Rxf6 Qxc2 24. Qd7 Qb1+ 25. Rf1 Qxa2 26. Qxd6+
Kg8 27. Qg3+ Kf8 28. b3 Qb2 29. Qd6+ 1/2-1/2

[Event "Wch Juvenil 2013 sub-14"]
[Site "Al-Ain UAE"]
[Date "2013.12.22"]
[Round "5.29"]
[White "Muthaiah, Al"]
[Black "Doluweera, Minul Sanjula"]
[Result "1-0"]
[WhiteElo "2092"]
[BlackElo "1857"]
[PlyCount "107"]
[EventDate "2013.12.19"]
[EventType "swiss"]
[EventRounds "11"]
[EventCountry "UAE"]
[Source "lmi"]
[SourceDate "2013.12.19"]

1. Nf3 d5 2. d4 Nf6 3. Bf4 c5 4. c3 Nc6 5. e3 Qb6 6. Qc2 cxd4 7. exd4 Bf5 8.
Qb3 e6 9. Nbd2 h6 10. Be2 Be7 11. O-O Qxb3 12. axb3 O-O 13. b4 a6 14. h3 Nd7
15. Rfe1 Rfc8 16. g4 Bh7 17. Bg3 Bd8 18. Nb3 a5 19. b5 Ne7 20. Nc1 Bc7 21. Bxc7
Rxc7 22. h4 b6 23. Nd3 Nf6 24. Nde5 Ne4 25. h5 Nd6 26. Nd2 f6 27. Nef3 Kf7 28.
Bf1 Re8 29. Re3 Nec8 30. b3 Ne4 31. Nxe4 dxe4 32. Nd2 Ne7 33. Nc4 Rb8 34. Nd6+
Kf8 35. Bc4 Nd5 36. Bxd5 exd5 37. f3 Rd8 38. Nf5 g6 39. hxg6 Bxg6 40. Nxh6 Rdd7
41. Nf5 Bxf5 42. gxf5 Rh7 43. fxe4 dxe4 44. Ra2 Rh5 45. Rf2 Rch7 46. Kf1 Rh1+
47. Ke2 R7h4 48. Rg3 Rb1 49. Rfg2 Rb2+ 50. Ke3 Rxg2 51. Rxg2 Rh3+ 52. Kxe4 Rxc3
53. Kd5 Rxb3 54. Ke4 1-0

[Event "Wch Juvenil 2013 sub-14"]
[Site "Al-Ain UAE"]
[Date "2013.12.22"]
[Round "5.30"]
[White "Tran, Minh Thang"]
[Black "Nguyen, Dang Hong Phuc"]
[Result "1-0"]
[WhiteElo "2062"]
[BlackElo "1882"]
[PlyCount "121"]
[EventDate "2013.12.19"]
[EventType "swiss"]
[EventRounds "11"]
[EventCountry "UAE"]
[Source "lmi"]
[SourceDate "2013.12.19"]

1. d4 Nf6 2. Nf3 c5 3. d5 d6 4. Nc3 g6 5. e4 Bg7 6. Be2 O-O 7. a4 Nbd7 8. Nd2
b6 9. O-O Bb7 10. f4 a6 11. Bf3 Qc7 12. Nc4 Rab8 13. Qe2 Ne8 14. Bd2 Bd4+ 15.
Kh1 Ng7 16. Rfe1 e6 17. e5 dxe5 18. fxe5 exd5 19. Nxd5 Bxd5 20. Bxd5 Rfe8 21.
Bf4 Nf6 22. e6 Qxf4 23. exf7+ Kh8 24. fxe8=Q+ Ngxe8 25. Bf3 b5 26. axb5 axb5
27. Ne5 Bxb2 28. Nd3 Qd4 29. Nxb2 Qxb2 30. Rab1 Qc3 31. Qe5 Qxe5 32. Rxe5 Nd7
33. Re7 Nf8 34. h3 b4 35. Ra1 c4 36. Ra8 Rxa8 37. Bxa8 Nd6 38. Bd5 c3 39. Kg1
g5 40. Re1 Ng6 41. Rb1 Nf4 42. Rxb4 Nxd5 43. Rd4 Ne3 44. Rxd6 Nxc2 45. Kf2 Nb4
46. Ke3 Kg7 47. Rd8 Kg6 48. Rc8 Nd5+ 49. Ke4 Nf4 50. Kf3 Nd5 51. Rc5 Nf6 52.
Rxc3 h5 53. Rc6 Kf5 54. Rc5+ Kg6 55. Ra5 Kh6 56. Ke3 Kg6 57. g3 Ng8 58. h4 gxh4
59. gxh4 Nf6 60. Kf4 Ng4 61. Ra6+ 1-0

[Event "Wch Juvenil 2013 sub-14"]
[Site "Al-Ain UAE"]
[Date "2013.12.22"]
[Round "5.31"]
[White "Mohammad, Fahim"]
[Black "Markocic, Tine"]
[Result "0-1"]
[WhiteElo "2059"]
[BlackElo "1853"]
[PlyCount "62"]
[EventDate "2013.12.19"]
[EventType "swiss"]
[EventRounds "11"]
[EventCountry "UAE"]
[Source "lmi"]
[SourceDate "2013.12.19"]

1. d4 Nf6 2. Nf3 c5 3. d5 b5 4. Bg5 Ne4 5. Bh4 Qa5+ 6. Nfd2 g6 7. c3 Nxd2 8.
Nxd2 d6 9. e4 Bg7 10. Be2 Ba6 11. O-O b4 12. cxb4 Qxb4 13. a3 Qb7 14. Bxa6 Qxa6
15. Rb1 Nd7 16. Re1 Rb8 17. Qc1 Ne5 18. Re3 Bh6 19. Rc3 Qe2 20. Rc2 Bxd2 21.
Qxd2 Qxe4 22. f4 Nc4 23. Qe1 Qd4+ 24. Bf2 Qxf4 25. Qc3 Ne5 26. Rf1 Qe4 27. Re1
Qxd5 28. Rd2 Qb3 29. Qa5 O-O 30. Qxa7 Rb7 31. Qa5 Nc4 0-1

[Event "Wch Juvenil 2013 sub-14"]
[Site "Al-Ain UAE"]
[Date "2013.12.22"]
[Round "5.32"]
[White "Marek, Matyas"]
[Black "Isaev, Chingys"]
[Result "1-0"]
[WhiteElo "2055"]
[BlackElo "1834"]
[PlyCount "39"]
[EventDate "2013.12.19"]
[EventType "swiss"]
[EventRounds "11"]
[EventCountry "UAE"]
[Source "lmi"]
[SourceDate "2013.12.19"]

1. e4 d5 2. exd5 Qxd5 3. Nc3 Qd6 4. d4 Nf6 5. Nf3 c6 6. Ne5 Nbd7 7. f4 Nb6 8.
g4 Nbd5 9. Bg2 Be6 10. Na4 Nc7 11. c4 O-O-O 12. Be3 Na6 13. O-O h5 14. f5 Nxg4
15. Nxg4 hxg4 16. Bf4 Qb4 17. fxe6 Qxc4 18. d5 fxe6 19. b3 Qb5 20. Qxg4 1-0

[Event "Wch Juvenil 2013 sub-14"]
[Site "Al-Ain UAE"]
[Date "2013.12.22"]
[Round "5.33"]
[White "Manukyan, Artyom"]
[Black "Kololli, Martin"]
[Result "1-0"]
[WhiteElo "1890"]
[BlackElo "2045"]
[PlyCount "51"]
[EventDate "2013.12.19"]
[EventType "swiss"]
[EventRounds "11"]
[EventCountry "UAE"]
[Source "lmi"]
[SourceDate "2013.12.19"]

1. e4 e5 2. Nf3 Nc6 3. Bb5 a6 4. Bxc6 dxc6 5. O-O Qf6 6. d4 exd4 7. Bg5 Qg6 8.
Qxd4 Be6 9. Nbd2 Be7 10. Bf4 Bf6 11. Qb4 O-O-O 12. Qa5 Rd7 13. Rad1 Qg4 14. Bg3
Kb8 15. Nb3 Bxb3 16. axb3 Nh6 17. h3 Qe6 18. Rxd7 Qxd7 19. c4 Re8 20. Re1 Bxb2
21. Rb1 Bd4 22. Nxd4 Qxd4 23. Qxc7+ Ka8 24. Kh2 Qxe4 25. Rd1 Qe7 26. Rd7 1-0

[Event "Wch Juvenil 2013 sub-14"]
[Site "Al-Ain UAE"]
[Date "2013.12.22"]
[Round "5.34"]
[White "Mousseri, Daniel"]
[Black "Ooi, Zhi Yang"]
[Result "1-0"]
[WhiteElo "2043"]
[BlackElo "1803"]
[PlyCount "47"]
[EventDate "2013.12.19"]
[EventType "swiss"]
[EventRounds "11"]
[EventCountry "UAE"]
[Source "lmi"]
[SourceDate "2013.12.19"]

1. e4 c5 2. Nf3 Nc6 3. Nc3 g6 4. Bc4 Bg7 5. O-O e6 6. d4 Nxd4 7. Nxd4 cxd4 8.
Nb5 Qb6 9. c3 a6 10. Nxd4 Ne7 11. Bb3 O-O 12. Be3 Qc7 13. f4 d6 14. Qe1 Rd8 15.
Qh4 d5 16. f5 exf5 17. Bg5 Re8 18. exd5 h5 19. Rae1 Kf8 20. Bf4 Qb6 21. d6 Nc6
22. Rxe8+ Kxe8 23. Re1+ Kf8 24. Qe7+ 1-0